Personnel et élèves connus de l'Académie de Paldea (Pokémon EV) - Statistiques

Statistiques générales
  • Ce quiz a été pris 7 fois
  • Le résultat moyen est 12 sur 18
Statistiques - réponses
Titre Personnages % Correct
Elève de l'Académie Menzi
100%
Professeur de biologie Jacq
86%
Elève de l'Académie Pania
86%
Elève de l'Académie Pepper
86%
Présidente de l'Académie Alisma
71%
Elève de l'Académie Brome
71%
Proviseur de l'Académie Clavel
71%
Infirmière de l'Académie Mimosa
71%
Elève de l'Académie Nèflie
71%
Elève de l'Académie Ortiga
71%
Professeure des cours de Combats Pokémon Elige
57%
Elève de l'Académie Meloco
57%
Elève de l'Académie Erio
43%
Professeur des beaux-arts Hassa
43%
Professeure d'histoire Mora
43%
Professeur des Arts Domestiques Saguaro
43%
Professeur de langues Salvio
43%
Professeure de mathématiques Thaim
43%
Aucun quiz correspondant
Distribution des résultats
% des personnes avec chaque résultat
Percentile par nombre de réponses
Votre historique - résultats
Vous n’avez pas pris ce quiz